Writing for the Design Mind /

Na minha lista:
Detalhes bibliográficos
Autor principal: Ilyin, Natalia (Author)
Formato: Livro
Idioma:inglês
Publicado em: London : Bloomsbury Visual Arts / Bloomsbury Publishing Plc., 2019
New York :
Dublin :
Edição:1. vydanie
Assuntos:
Tags: Adicionar Tag
Sem tags, seja o primeiro a adicionar uma tag!

MARC

LEADER 00000nam a22000003a 4500
001 0117550
003 SK-STU
005 20251013154127.7
007 ta
008 251013s ----xo-----e------000-0-----d
020 |a 978-1-3500-3497-6 
040 |a STU  |b slo 
041 0 |a eng 
044 |a xxk  |a xxu  |a ie 
100 1 |a Ilyin, Natalia  |4 aut 
245 1 0 |a Writing for the Design Mind /  |c aut. Natalia Ilyin 
250 |a 1. vydanie 
250 |a 4. dotlač (2023) 
260 |a London :  |b Bloomsbury Visual Arts / Bloomsbury Publishing Plc., 
260 |a New York :  |b Bloomsbury Visual Arts / Bloomsbury Publishing Plc., 
260 |a Dublin :  |b Bloomsbury Visual Arts / Bloomsbury Publishing Plc.,  |c 2019 
300 |a 171 s. 
650 0 7 |a akademické písanie 
650 0 7 |a logika 
650 0 7 |a argumentácia 
996 |b 284AU10500  |c A* 13671/U  |l AAKNST  |s P  |a 0  |w 0117550_0001 
996 |b 284AU10501  |c A* 13672/U  |l AAKNAR  |s A  |a 24  |w 0117550_0002